000 00262nam a22001217a 4500
082 _a669.142 ROR'S
100 _aROLF, R. T
_958300
245 _aSTEELS FOR THE USER
250 _a3RD
260 _aLONDON
_bCHAPMAN & HALL
_c1955
300 _a399P
942 _cBK
999 _c568498
_d568498